| 000 | 00497nam a2200193Ia 4500 | ||
|---|---|---|---|
| 003 | LK-CoDNM | ||
| 005 | 20240213131338.0 | ||
| 008 | 010623t1902 xxu||||| |||| 00| 1 sin d | ||
| 040 |
_aLK-CoDNM _dLK-CoDNM _eLK-CoDNM |
||
| 041 | _asin | ||
| 080 |
_a104 _bT 4 |
||
| 100 | _aP,K.R | ||
| 245 | _aරුවන්වැලි විස්තරය | ||
| 246 | _aRuvanveli Vistaraya | ||
| 260 |
_bW.D.A.Appuhami _aColombo _c1902 |
||
| 300 | _b24p., 22 cm | ||
| 650 | _aRuvanveliseeya | ||
| 942 | _cBK | ||
| 999 |
_c85508 _d85508 |
||